Normal view
MARC view
- Guide Name:Gujrathi Anshul
Entry Personal Name
001 - CONTROL NUMBER
- control field: 209948
003 - CONTROL NUMBER IDENTIFIER
- control field: OSt
005 - DATE AND TIME OF LATEST TRANSACTION
- control field: 20250110171431.0
008 - FIXED-LENGTH DATA ELEMENTS
- fixed length control field: 250110|| aca||aabn | a|a d
040 ## - CATALOGING SOURCE
- Original cataloging agency: OSt
- Transcribing agency: OSt
100 ## - HEADING--PERSONAL NAME
- Personal name: Guide Name:Gujrathi Anshul
670 ## - SOURCE DATA FOUND
- Source citation: Work cat.: (OSt)363140: Joshi Ketaki 182278, GHG Emissions Quantification With Green Rating Systems Implementation For Residential Complexes In Pune., 2012